Estudios sobre la codificación del derecho civil catalán / por Emilio Saguer y Olivet
Descripción Física:
73 p., [1] f. ; 20 cm
Materias:
Dret civil -- Catalunya
MARC
| LEADER | 00000nam a2200000Ia 4500 | ||
|---|---|---|---|
| 001 | 768 | ||
| 008 | 160829s1936 xx 000 0 cat d | ||
| 080 | |a D-1-161 | ||
| 100 | |a Saguer i Olivet, Emili |9 19893 | ||
| 245 | |a Estudios sobre la codificación del derecho civil catalán / por Emilio Saguer y Olivet | ||
| 260 | |a Gerona : |b (Imp. Salomón Marqués), |c 1936 | ||
| 300 | |a 73 p., [1] f. ; |c 20 cm | ||
| 650 | 0 | |a Dret civil |z Catalunya |9 10507 | |
| 901 | |a Arxiu | ||
| 942 | |n 1 | ||
| 952 | |0 0 |1 0 |4 0 |6 D1161 |7 1 |9 41362 |a Arxiu |b Arxiu |d 2016-12-01 |l 0 |o D-1-161 |p 768 |r 2016-12-01 00:00:00 |w 2016-12-01 |y ARXIU | ||
| 999 | |c 43169 |d 43169 | ||